عرض عادي عرض مارك
  • Kitchen, Gareth.

مدخل إسم شخص

عدد التسجيلات المستخدمة في: 1

001 - رقم الضبط

  • حقل الضبط: 45767

003 - معرف رقم الضبط

  • حقل الضبط: OSt

005 - تاريخ ووقت أخر عملية

  • حقل الضبط: 20140622114318.0

008 - عناصر بيانات ثابتة الطول

  • حقل تحكم ثابت الطول: 140622|||a|||||| | ||| d

040 ## - مصدر الفهرسة

  • هيئة الفهرسة الأصلية: OSt
  • وكالة الكتابة: OSt

100 ## - مدخل -- أسم شخص

  • إسم شخص: Kitchen, Gareth.
  • عنوان العمل: Immunology and haematology.

670 ## - بيانات المصدر موجوده

  • الاستشهاد بالمصدر: Work cat.: (OSt)0: Gargani, Yousef. 45764, Haematology and Immunology /, 2012.